Informatics Practices (Record no. 11077)

MARC details
000 -LEADER
fixed length control field 00260nam a22000977a 4500
008 - FIXED-LENGTH DATA ELEMENTS--GENERAL INFORMATION
fixed length control field 180824b ||||| |||| 00| 0 eng d
020 ## - INTERNATIONAL STANDARD BOOK NUMBER
International Standard Book Number 9788183507844
100 ## - MAIN ENTRY--PERSONAL NAME
Personal name Agarwal Archana
9 (RLIN) 6854
245 ## - TITLE STATEMENT
Title Informatics Practices
260 ## - PUBLICATION, DISTRIBUTION, ETC. (IMPRINT)
Place of publication, distribution, etc. New Delhi
Name of publisher, distributor, etc. Sultan Chand
Date of publication, distribution, etc. 2018
Holdings
Withdrawn status Lost status Source of classification or shelving scheme Damaged status Koha normalized classification for sorting Not for loan Home library Current library Shelving location Date acquired Total Checkouts Full call number Barcode Date last seen Price effective from Koha item type
    Dewey Decimal Classification   005_000000000000000   Good Samaritan School Library Good Samaritan School Library Computer Science 08/24/2018   005 AGA15048 08/24/2018 08/24/2018 BOOK

Powered by Koha